Statistics for June 17th: Birthdays

Click here to take the quiz!

General Stats

  • This quiz has been taken 6 times
  • The average score is 3 of 13

Answer Stats

YearClueAnswer% Correct
1980All-Time great of Women's TennisVenus Williams
83%
1943Artist of MandyBarry Manilow
67%
1882Composed The FirebirdIgor Stravinsky
50%
1682King of SwedenCharles XII
33%
1943Speaker of the HouseNewt Gingrich
33%
1239King of EnglandEdward I
17%
1871Leader of the NAACPJames Johnson
17%
1987Artist of DamnKendrick Lamar
17%
19402001 Nobel laureateGeorge Akerlof
0%
1882Father of modern plastic surgeryHarold Gillies
0%
1900Nazi LeaderMartin Bormann
0%
1881World Heavyweight ChampionTommy Burns
0%
194515 Grand Slam Doubles titlesTony Roche
0%

Score Distribution

Percentile by Number Answered

Percent of People with Each Score

Your Score History

You have not taken this quiz